Countries that Start with M and End in A - Statistics

General Stats
  • This quiz has been taken 67 times
  • The average score is 5 of 6
Answer Stats
Hint Answer % Correct
Europe Malta
87%
Europe Moldova
85%
Asia Malaysia
81%
Africa Mauritania
76%
Asia Mongolia
74%
Oceania Micronesia
69%
No matching quizzes found
Score Distribution
Percent of People with Each Score
Percentile by Number Answered
Your Score History
You have not taken this quiz